000 00572nam a22001577a 4500
005 20251222151049.0
008 251222b ||||| |||| 00| 0 eng d
020 _a969872036x (hbk)
040 _cPK-IsLIS
082 _a297.122
_bQ95
245 _aThe Holy Quran (قرآن الحکیم )
_c/ English translation by Marmaduke Pickthall & Urdu translation by Maulana Fateh Mohammed Jallendhri
260 _aLahore (لاہور) :
_bQudrat Ullah Co. (قدرت اللہ کمپنی)،
_c2023۔
300 _a871 p.
650 _aIslam-Quran ( اسلام-قرآن)
942 _cBK
999 _c25547
_d25546